Zákon o obecnom zriadení a súvisiace predpisy 1 Úplné znenie zákonov s komentárom
Guardado en:
| Autor principal: | |
|---|---|
| Formato: | Libro |
| Lenguaje: | eslovaco |
| Publicado: |
Košice
CALYPSO
1995
|
| Edición: | 1. vyd. |
| Materias: | |
| Etiquetas: |
Sin Etiquetas, Sea el primero en etiquetar este registro!
|
MARC
| LEADER | 00000nam a2200000 4500 | ||
|---|---|---|---|
| 001 | c010941 | ||
| 005 | 20221128074737.1 | ||
| 020 | |a 80-85723-15-8 | ||
| 041 | 0 | |a slo | |
| 044 | |a SK | ||
| 245 | 1 | 0 | |a Zákon o obecnom zriadení a súvisiace predpisy 1 |b Úplné znenie zákonov s komentárom |c Jozef Sotolář |
| 250 | |a 1. vyd. | ||
| 264 | 1 | |a Košice |b CALYPSO |c 1995 | |
| 300 | |a 305 s. | ||
| 610 | 2 | 0 | |a správa štátna |
| 610 | 2 | 0 | |a predpisy právne |
| 610 | 2 | 0 | |a samospráva |
| 610 | 2 | 0 | |a Slovensko |
| 610 | 2 | 0 | |a 1995 |
| 100 | 1 | |a Sotolář, Jozef | |